[Event "TCh-NED Meesterklasse 2011-12"]
[Site "Netherlands NED"]
[Date "2012.02.11"]
[Round "6.7"]
[White "Saltaev,M"]
[Black "Haast,M"]
[Result "1/2-1/2"]
[WhiteTitle "GM"]
[WhiteElo "2484"]
[BlackElo "2251"]
[WhiteTeam "Voerendaal"]
[BlackTeam "De Stukkenjagers"]
[WhiteFideId "14200058"]
[BlackFideId "1021133"]
[EventDate "2011.09.17"]

1. e4 c5 2. Nf3 Nc6 3. d4 cxd4 4. Nxd4 Nf6 5. Nc3 d6 6. Bc4 e6 7. O-O Qc7 8. Kh1
a6 9. a4 Be7 10. Bb3 O-O 11. f4 Nxd4 12. Qxd4 Nd7 13. Be3 b6 14. Rad1 Bb7 15. f5
Nc5 16. f6 Bxf6 17. Rxf6 gxf6 18. Bh6 Nd7 19. Rd3 Kh8 20. Bxf8 Rxf8 21. Qxd6
Qxd6 22. Rxd6 Rd8 23. Bc4 1/2-1/2

[Event "TCh-NED Meesterklasse 2011-12"]
[Site "Netherlands NED"]
[Date "2012.02.11"]
[Round "6.8"]
[White "Clijsen,M"]
[Black "Hausrath,D"]
[Result "0-1"]
[BlackTitle "IM"]
[WhiteElo "2179"]
[BlackElo "2507"]
[WhiteTeam "De Stukkenjagers"]
[BlackTeam "Voerendaal"]
[WhiteFideId "1010212"]
[BlackFideId "4617495"]
[EventDate "2011.09.17"]

1. d4 Nf6 2. Nf3 g6 3. c4 Bg7 4. Nc3 O-O 5. g3 d6 6. Bg2 c6 7. O-O Qa5 8. e4 e5
9. dxe5 dxe5 10. Qc2 Bg4 11. Be3 Bxf3 12. Bxf3 Nbd7 13. a3 Rfe8 14. Bg2 Nf8 15.
Bh3 Ne6 16. Bxe6 Rxe6 17. Rad1 h5 18. Rd3 Ng4 19. Bg5 Qc5 20. Na4 Qf8 21. b4 b6
22. h3 Nf6 23. Nc3 Bh6 24. Bxh6 Qxh6 25. Rfd1 h4 26. Qd2 Qxd2 27. R1xd2 hxg3 28.
fxg3 Rae8 29. Kg2 Kf8 30. Kf3 Kg7 31. Rd8 R8e7 32. Rc8 Ne8 33. Rcd8 Nc7 34. g4
Rf6+ 35. Ke3 Ne6 36. R8d6 Re8 37. Rh2 Rh8 38. Ne2 Rf1 39. Rxc6 Ra1 40. h4 Rxa3+
41. Kf2 Ng5 42. Rc7 Nxe4+ 43. Kg2 Re3 44. Kf1 Rd8 0-1

[Event "TCh-NED Meesterklasse 2011-12"]
[Site "Netherlands NED"]
[Date "2012.02.11"]
[Round "6.9"]
[White "Bus,T"]
[Black "Beukema,H"]
[Result "1/2-1/2"]
[WhiteElo "2186"]
[BlackElo "2008"]
[WhiteTeam "Voerendaal"]
[BlackTeam "De Stukkenjagers"]
[WhiteFideId "1014374"]
[BlackFideId "203530"]
[EventDate "2011.09.17"]

1. c4 Nf6 2. g3 c5 3. Bg2 Nc6 4. Nc3 g6 5. d3 Bg7 6. e4 d6 7. Nge2 e5 8. a3 O-O
9. Rb1 Nd4 10. Nxd4 cxd4 11. Ne2 b5 12. cxb5 Qa5+ 13. b4 Qxb5 14. a4 Qd7 15. O-O
Bb7 16. f4 a6 17. Qb3 Rab8 1/2-1/2

[Event "TCh-NED Meesterklasse 2011-12"]
[Site "Netherlands NED"]
[Date "2012.02.11"]
[Round "6.10"]
[White "Kampman,T"]
[Black "Sielecki,C"]
[Result "0-1"]
[BlackTitle "FM"]
[WhiteElo "2124"]
[BlackElo "2391"]
[WhiteTeam "De Stukkenjagers"]
[BlackTeam "Voerendaal"]
[WhiteFideId "1009079"]
[BlackFideId "4620437"]
[EventDate "2011.09.17"]

1. e4 e5 2. c4 Nc6 3. Nc3 Bc5 4. g3 d6 5. Bg2 f5 6. Nge2 Nf6 7. d3 O-O 8. O-O
fxe4 9. Nxe4 Nxe4 10. dxe4 Be6 11. Qd3 Nb4 12. Qb3 b5 13. Qd1 bxc4 14. Be3 Bxe3
15. fxe3 Rxf1+ 16. Bxf1 Qg5 17. Qd2 Rf8 18. Nc3 Rf3 19. Re1 h5 20. Kg2 Qf6 21.
Kg1 h4 22. Bg2 Nd3 23. Bxf3 Nxe1 24. Qxe1 Qxf3 25. gxh4 c6 26. Qg3 Qg4 27. Kf2
Kf7 28. Qxg4 Bxg4 29. Nb1 Be6 30. h5 Kf6 31. h4 Bf7 32. Nd2 d5 33. exd5 cxd5 34.
e4 d4 35. Ke1 Ke7 36. Nf3 Kd6 37. Kd2 Bxh5 38. Ng5 Ke7 39. Kc2 Bg4 40. Kd2 Bh5
41. Kc2 Be2 42. Kd2 Bd3 43. Nf3 Bxe4 44. Nxe5 Bd5 45. b3 cxb3 46. axb3 Kd6 47.
Ng4 Bxb3 48. Kd3 Kd5 49. Kd2 Ba4 50. h5 Bd7 51. h6 gxh6 52. Nf6+ Ke6 53. Ne4 Ke5
54. Nf2 Bf5 0-1

[Event "TCh-NED Meesterklasse 2011-12"]
[Site "Netherlands NED"]
[Date "2012.02.11"]
[Round "6.4"]
[White "Van Kampen,R"]
[Black "Van der Werf,M"]
[Result "1/2-1/2"]
[WhiteTitle "IM"]
[BlackTitle "IM"]
[WhiteElo "2529"]
[BlackElo "2441"]
[WhiteTeam "HSG"]
[BlackTeam "LSG"]
[WhiteFideId "1020854"]
[BlackFideId "1000470"]
[EventDate "2011.09.17"]

1. e4 e5 2. Nf3 Nc6 3. Bb5 a6 4. Ba4 Nf6 5. O-O Be7 6. d3 b5 7. Bb3 O-O 8. a4
Rb8 9. axb5 axb5 10. Nc3 d6 11. Nd5 Nxd5 12. exd5 Nd4 13. Nxd4 exd4 14. Bd2 Bd7
15. Ra5 Re8 16. Re1 Bf6 17. Rxe8+ Qxe8 18. Qe1 Qc8 19. Ra7 h5 20. Qc1 Ra8 21.
Qa1 Rxa7 22. Qxa7 h4 23. f3 Qe8 24. Kf2 Be5 25. h3 Qc8 26. f4 Bf6 27. Qa1 Bf5
28. Kg1 Qd8 29. Qc1 Kh7 30. Be1 Qe7 31. Kf2 Kh6 1/2-1/2

[Event "TCh-NED Meesterklasse 2011-12"]
[Site "Netherlands NED"]
[Date "2012.02.11"]
[Round "6.5"]
[White "Pijpers,A"]
[Black "Markus,J"]
[Result "1-0"]
[WhiteElo "2313"]
[BlackElo "2167"]
[WhiteTeam "LSG"]
[BlackTeam "HSG"]
[WhiteFideId "1019554"]
[BlackFideId "1001213"]
[EventDate "2011.09.17"]

1. e4 g6 2. d4 Bg7 3. Nc3 c6 4. Nf3 d6 5. h3 Nf6 6. Be3 O-O 7. Qd2 b5 8. Bd3 a6
9. Bh6 Bb7 10. Bxg7 Kxg7 11. e5 dxe5 12. dxe5 Nd5 13. h4 h5 14. e6 Qd6 15. exf7
Rxf7 16. O-O-O Qf4 17. Ng5 Qxd2+ 18. Rxd2 Nd7 19. Nxf7 Kxf7 20. Ne4 Ne5 21. Nc5
Nxd3+ 22. Nxd3 Kf6 23. Re1 a5 24. b3 b4 25. Kb2 Ba6 26. Nc5 Bb5 27. Ne4+ Kf5 28.
c4 bxc3+ 29. Nxc3 e6 30. Nxd5 cxd5 31. Rc2 a4 32. Rc5 a3+ 33. Kc3 Rb8 34. Kb4
Bf1+ 35. Kxa3 Bxg2 36. b4 Be4 37. b5 Kg4 38. Kb4 Kxh4 39. a4 Kg4 40. a5 h4 41.
a6 Ra8 42. Ka5 h3 43. b6 h2 44. b7 Rh8 45. a7 1-0

[Event "TCh-NED Meesterklasse 2011-12"]
[Site "Netherlands NED"]
[Date "2012.02.11"]
[Round "6.6"]
[White "Delemarre,J"]
[Black "Van Wessel,R"]
[Result "1-0"]
[WhiteTitle "IM"]
[BlackTitle "FM"]
[WhiteElo "2421"]
[BlackElo "2375"]
[WhiteTeam "HSG"]
[BlackTeam "LSG"]
[WhiteFideId "1003704"]
[BlackFideId "1004395"]
[EventDate "2011.09.17"]

1. d4 d5 2. c4 c6 3. Nf3 Nf6 4. e3 e6 5. Bd3 Nbd7 6. O-O dxc4 7. Bxc4 Bd6 8. Qe2
O-O 9. e4 e5 10. dxe5 Nxe5 11. Nxe5 Bxe5 12. f4 Bd4+ 13. Kh1 b5 14. Bb3 Bg4 15.
Qe1 Re8 16. e5 Bf5 17. Nc3 Qb6 18. Ne2 c5 19. Nxd4 cxd4 20. a4 Nd7 21. axb5 Qxb5
22. Ba4 Qd5 23. Bd2 Reb8 24. b4 Be4 25. Qg3 a5 26. Bb3 Qb5 27. f5 axb4 28. e6
Nf6 29. Bh6 Nh5 30. exf7+ Kh8 31. Qg4 Rxa1 32. Rxa1 Qxf5 33. Qxf5 Bxf5 34. Rf1
gxh6 35. Rxf5 Kg7 36. Rxh5 Rc8 37. h3 Rc3 38. Be6 d3 39. Rd5 b3 40. Rd8 Rc1+ 41.
Kh2 1-0

[Event "TCh-NED Meesterklasse 2011-12"]
[Site "Netherlands NED"]
[Date "2012.02.11"]
[Round "6.7"]
[White "Van Ketel,R"]
[Black "Nagtegaal,K"]
[Result "0-1"]
[WhiteTitle "FM"]
[WhiteElo "2286"]
[BlackElo "2198"]
[WhiteTeam "LSG"]
[BlackTeam "HSG"]
[WhiteFideId "1004883"]
[BlackFideId "1012886"]
[EventDate "2011.09.17"]

1. d4 g6 2. c4 Bg7 3. Nc3 d6 4. e4 f5 5. exf5 Bxf5 6. Nge2 Nh6 7. h3 O-O 8. Be3
Bd7 9. g4 Nc6 10. Qd2 Nf7 11. Bg2 e5 12. d5 Nd4 13. Nxd4 exd4 14. Bxd4 Ne5 15.
O-O-O Nxc4 16. Qe2 b5 17. Kb1 Bxd4 18. Rxd4 Qf6 19. Rxc4 bxc4 20. Ne4 Qe5 21.
Qxc4 Rab8 22. Qc1 Rb4 23. Re1 Rxf2 24. Nxf2 Rxb2+ 25. Qxb2 Qxe1+ 26. Qc1 Qxf2
27. Bf1 Qb6+ 28. Ka1 h5 29. Qg5 Qd4+ 30. Kb1 Qe4+ 31. Kc1 hxg4 32. hxg4 Qe1+ 33.
Kb2 Qe5+ 34. Qxe5 dxe5 35. g5 Kf8 36. Kc3 Ke7 37. Kc4 Kd6 38. Bg2 Bf5 39. a3 Bb1
40. Kb5 Bd3+ 0-1

[Event "TCh-NED Meesterklasse 2011-12"]
[Site "Netherlands NED"]
[Date "2012.02.11"]
[Round "6.8"]
[White "Vedder,H"]
[Black "De Jong,JW"]
[Result "1-0"]
[BlackTitle "IM"]
[WhiteElo "2374"]
[BlackElo "2424"]
[WhiteTeam "HSG"]
[BlackTeam "LSG"]
[WhiteFideId "1002872"]
[BlackFideId "1008641"]
[EventDate "2011.09.17"]

1. e4 e5 2. Nf3 Nc6 3. d4 exd4 4. Nxd4 Nf6 5. Nc3 Bb4 6. Nxc6 bxc6 7. Bd3 d5 8.
exd5 cxd5 9. O-O O-O 10. Bg5 c6 11. Na4 Bd6 12. c3 h6 13. Bh4 Re8 14. b4 Bf4 15.
Re1 Rxe1+ 16. Qxe1 g5 17. Bg3 Nh5 18. Bxf4 Nxf4 19. Bc2 Kg7 20. Qe3 Qf6 21. g3
Nh3+ 22. Kg2 g4 23. Re1 Ng5 24. Qe5 Be6 25. Qxf6+ Kxf6 26. Nc5 h5 27. a4 d4 28.
Nxe6 Nxe6 29. c4 a5 30. b5 cxb5 31. cxb5 Rc8 32. Re2 Rc4 33. Bd1 Rb4 34. f3 Nc5
35. fxg4 hxg4 36. Rf2+ Ke5 37. Rxf7 d3 38. Rf4 Ne4 39. Bxg4 Rb2+ 40. Kf3 d2 41.
Rxe4+ Kd5 42. Be6+ 1-0

[Event "TCh-NED Meesterklasse 2011-12"]
[Site "Netherlands NED"]
[Date "2012.02.11"]
[Round "6.9"]
[White "Wantola,I"]
[Black "Van der Wijk,W"]
[Result "1-0"]
[WhiteTitle "FM"]
[WhiteElo "2326"]
[BlackElo "2148"]
[WhiteTeam "LSG"]
[BlackTeam "HSG"]
[WhiteFideId "1016067"]
[BlackFideId "1001574"]
[EventDate "2011.09.17"]

1. Nf3 d5 2. d4 Nf6 3. c4 e6 4. Nc3 Be7 5. Bg5 h6 6. Bh4 O-O 7. e3 b6 8. Be2 Bb7
9. Bxf6 Bxf6 10. cxd5 exd5 11. O-O Nd7 12. Qb3 c6 13. Rad1 Qe7 14. Rfe1 a5 15.
a4 Qb4 16. Qc2 Rfe8 17. Bf1 g6 18. g3 Bg7 19. h4 Rad8 20. Bh3 Nf8 21. Rc1 Re7
22. Bg2 Ne6 23. Red1 Ba8 24. Ne1 Nc7 25. Nd3 Qd6 26. Na2 Na6 27. Qd2 Ra7 28. Rc2
Bb7 29. Rdc1 Nb8 30. Qc3 Nd7 31. Qb3 Ba8 32. Bh3 Rb8 33. Nc3 Nf8 34. Nf4 Re7 35.
Nd3 Ne6 36. Ne2 Kh7 37. Qc3 Ra7 38. Nef4 Nf8 39. Qd2 Nd7 40. b4 axb4 41. Nxb4 c5
42. Bxd7 Qxd7 43. dxc5 bxc5 44. Rxc5 Qxa4 45. Nbxd5 Rd8 46. R5c4 Qe8 47. e4 Rad7
48. Qc2 Qe5 49. h5 g5 50. Nd3 Qe8 51. Nc5 1-0

[Event "TCh-NED Meesterklasse 2011-12"]
[Site "Netherlands NED"]
[Date "2012.02.11"]
[Round "6.10"]
[White "Van Engen,H"]
[Black "Wiersma,E"]
[Result "0-1"]
[BlackTitle "IM"]
[WhiteElo "2089"]
[BlackElo "2391"]
[WhiteTeam "HSG"]
[BlackTeam "LSG"]
[WhiteFideId "1004905"]
[BlackFideId "1002864"]
[EventDate "2011.09.17"]

1. d4 Nf6 2. c4 g6 3. Nc3 Bg7 4. e4 d6 5. f3 O-O 6. Be3 Nc6 7. Nge2 a6 8. Qd2
Re8 9. Rc1 Bd7 10. d5 Ne5 11. Ng3 h5 12. Be2 h4 13. Nf1 h3 14. g4 b5 15. b3 bxc4
16. bxc4 c6 17. Ng3 cxd5 18. cxd5 Rc8 19. O-O Nc4 20. Bxc4 Rxc4 21. Nce2 Qc7 22.
Rxc4 Qxc4 23. Rc1 Qa4 24. Nd4 Rb8 25. Nge2 Qa3 0-1

[Event "TCh-NED Meesterklasse 2011-12"]
[Site "Netherlands NED"]
[Date "2012.02.11"]
[Round "6.1"]
[White "Kuipers,S"]
[Black "Ris,R"]
[Result "1/2-1/2"]
[WhiteTitle "FM"]
[BlackTitle "IM"]
[WhiteElo "2381"]
[BlackElo "2403"]
[WhiteTeam "Accres Apeldoorn"]
[BlackTeam "BSG"]
[WhiteFideId "1018400"]
[BlackFideId "1011480"]
[EventDate "2011.09.17"]

1. e4 e5 2. Nf3 Nc6 3. Bb5 a6 4. Bxc6 dxc6 5. O-O Qe7 6. d4 exd4 7. Qxd4 Bg4 8.
Bf4 Nf6 9. Nc3 Nh5 10. Bg5 f6 11. e5 Qb4 12. exf6 Qxd4 13. Nxd4 gxf6 14. Rfe1+
Kf7 15. Be3 Bb4 1/2-1/2

[Event "TCh-NED Meesterklasse 2011-12"]
[Site "Netherlands NED"]
[Date "2012.02.11"]
[Round "6.2"]
[White "Ootes,La"]
[Black "Van de Oudeweetering,A"]
[Result "0-1"]
[BlackTitle "IM"]
[WhiteElo "2340"]
[BlackElo "2338"]
[WhiteTeam "BSG"]
[BlackTeam "Accres Apeldoorn"]
[WhiteFideId "1019708"]
[BlackFideId "1000551"]
[EventDate "2011.09.17"]

1. e4 e5 2. Nf3 Nc6 3. Bb5 a6 4. Ba4 Nf6 5. Qe2 b5 6. Bb3 Be7 7. c3 O-O 8. d4 d6
9. h3 Re8 10. Ng5 Rf8 11. f4 h6 12. Nf3 Nh5 13. Nxe5 Bh4+ 14. Kd1 dxe5 15. Qxh5
exd4 16. Nd2 Be6 17. g4 Bxb3+ 18. axb3 Bf6 19. c4 Nb4 20. Nf3 Qe8 21. Qf5 bxc4
22. e5 Qc6 23. Ke2 Be7 24. Bd2 g6 25. Qb1 Nd3 26. Rf1 Rab8 27. bxc4 Qe4+ 0-1

[Event "TCh-NED Meesterklasse 2011-12"]
[Site "Netherlands NED"]
[Date "2012.02.11"]
[Round "6.4"]
[White "Kabatianski,A"]
[Black "Berelowitsch,A"]
[Result "0-1"]
[WhiteTitle "IM"]
[BlackTitle "GM"]
[WhiteElo "2410"]
[BlackElo "2563"]
[WhiteTeam "Accres Apeldoorn"]
[BlackTeam "BSG"]
[WhiteFideId "4630637"]
[BlackFideId "14101440"]
[EventDate "2011.09.17"]

1. d4 f5 2. g3 Nf6 3. Bg2 g6 4. c4 Bg7 5. Nh3 d6 6. d5 c6 7. Nc3 e5 8. dxe6 Bxe6
9. Bf4 Bxc4 10. Qxd6 Qxd6 11. Bxd6 Na6 12. O-O-O O-O-O 13. Be5 Rhe8 14. Rxd8+
Rxd8 15. b3 Bg8 16. f4 Nc5 17. Nf2 Ncd7 18. Bd4 c5 19. Be3 Ng4 20. Nxg4 Bxc3 21.
Nf2 Re8 22. Nd1 Bg7 23. Re1 Kc7 24. Bf2 b6 25. e4 fxe4 26. Rxe4 Rxe4 27. Bxe4
Nf6 28. Bf3 Nd5 29. Be1 a5 30. Be2 Kc6 31. a4 Be6 32. Bc4 Bd4 33. Bf2 Bg4 34.
Bxd4 cxd4 35. Nf2 Bf5 36. Bd3 Nb4 37. Bc4 Nd5 38. Bd3 Ne3 39. Bb5+ Kc5 40. Nd3+
Bxd3 41. Bxd3 Kb4 42. Kb2 Ng4 43. f5 Nf2 44. Bb1 gxf5 45. Bxf5 Nd1+ 46. Kc1 Ne3
47. Bxh7 Kc3 48. h4 d3 49. Bxd3 Kxd3 50. h5 Ng4 51. Kb2 Nh6 52. Ka2 Kc2 53. Ka3
Kb1 54. b4 Kc2 55. bxa5 bxa5 56. Ka2 Kc3 57. Ka3 Kc4 58. Ka2 Kb4 59. Kb2 Kxa4
60. Ka2 Kb4 61. Kb2 a4 62. Ka2 a3 63. Kb1 Kb3 64. Ka1 a2 65. g4 Nxg4 66. h6 Ne3 0-1

[Event "TCh-NED Meesterklasse 2011-12"]
[Site "Netherlands NED"]
[Date "2012.02.11"]
[Round "6.4"]
[White "Van der Poel,H"]
[Black "Van Delft,M"]
[Result "1/2-1/2"]
[WhiteTitle "FM"]
[BlackTitle "IM"]
[WhiteElo "2312"]
[BlackElo "2413"]
[WhiteTeam "BSG"]
[BlackTeam "Accres Apeldoorn"]
[WhiteFideId "1002449"]
[BlackFideId "1004670"]
[EventDate "2011.09.17"]

1. e4 c5 2. Nf3 d6 3. d4 cxd4 4. Nxd4 Nf6 5. Nc3 a6 6. Bc4 e6 7. O-O Be7 8. Bb3
O-O 9. f4 b5 10. e5 dxe5 11. fxe5 Nfd7 12. Bf4 Nc5 13. Qd2 Bb7 14. Rad1 Nc6 15.
Nxc6 Bxc6 16. Qe3 Qc7 17. Ne2 Be4 18. Nd4 Bg6 19. c3 Na4 20. Bxa4 bxa4 21. a3
Rab8 22. Rf2 h6 23. h3 Rfd8 24. Rdd2 Rd5 25. Qe2 Qb6 26. Qc4 Bc5 27. Qxa4 Rbd8
28. b4 Bxd4 29. cxd4 Rc8 1/2-1/2

[Event "TCh-NED Meesterklasse 2011-12"]
[Site "Netherlands NED"]
[Date "2012.02.11"]
[Round "6.6"]
[White "Pliester,L"]
[Black "Hachijan,A"]
[Result "1-0"]
[WhiteTitle "IM"]
[WhiteElo "2392"]
[BlackElo "2188"]
[WhiteTeam "BSG"]
[BlackTeam "Accres Apeldoorn"]
[WhiteFideId "1000381"]
[BlackFideId "1028081"]
[EventDate "2011.09.17"]

1. e4 c5 2. Nf3 e6 3. d4 cxd4 4. Nxd4 a6 5. Bd3 Bc5 6. Nb3 Be7 7. O-O d6 8. f4
Nc6 9. Nc3 Nf6 10. Qe2 Qc7 11. Bd2 O-O 12. Rae1 Rd8 13. e5 Nd7 14. exd6 Bxd6 15.
Ne4 Nf8 16. Nxd6 Qxd6 17. Bc3 b5 18. Be4 Bb7 19. Qh5 Rac8 20. f5 exf5 21. Rxf5
Rc7 22. Rd5 Qf4 23. Rxd8 Nxd8 24. Be5 Qxe4 25. Rxe4 Re7 26. Re3 Nde6 27. Bd6 Re8
28. Nc5 Bc8 29. Bxf8 Rxf8 30. Ne4 Rd8 31. Ng5 g6 1-0

[Event "TCh-NED Meesterklasse 2011-12"]
[Site "Netherlands NED"]
[Date "2012.02.11"]
[Round "6.7"]
[White "Zwirs,Nico"]
[Black "De Groote,J"]
[Result "1/2-1/2"]
[WhiteElo "2176"]
[BlackElo "2104"]
[WhiteTeam "Accres Apeldoorn"]
[BlackTeam "BSG"]
[WhiteFideId "1036432"]
[BlackFideId "1019295"]
[EventDate "2011.09.17"]

1. c4 Nf6 2. Nc3 e5 3. d3 Bb4 4. Bd2 O-O 5. a3 Bxc3 6. Bxc3 Re8 7. Qc2 d5 8.
cxd5 Nxd5 9. Bd2 Nc6 10. e3 a5 11. Be2 Be6 12. Nf3 f6 13. O-O a4 14. Rac1 Nb6
15. e4 g5 16. Be3 Re7 17. Qc3 Rc8 18. h3 g4 19. hxg4 Bxg4 20. Rfd1 Rd7 21. Rd2
Qe7 22. Bxb6 cxb6 23. Nxe5 fxe5 24. Bxg4 Na7 25. Qxc8+ Nxc8 26. Rxc8+ Rd8 27.
Rxd8+ Qxd8 28. Be6+ Kg7 29. Bd5 Qc7 30. Kf1 Qc1+ 31. Ke2 Qh1 32. g3 Qh5+ 33. Ke3
Qh6+ 34. Ke2 Qh5+ 35. Ke3 Qh6+ 36. Ke2 Qh5+ 1/2-1/2

[Event "TCh-NED Meesterklasse 2011-12"]
[Site "Netherlands NED"]
[Date "2012.02.11"]
[Round "6.8"]
[White "Van der Heijden,T"]
[Black "Siebrecht,S"]
[Result "1/2-1/2"]
[BlackTitle "GM"]
[WhiteElo "2314"]
[BlackElo "2471"]
[WhiteTeam "BSG"]
[BlackTeam "Accres Apeldoorn"]
[WhiteFideId "1006045"]
[BlackFideId "4609352"]
[EventDate "2011.09.17"]

1. d4 d5 2. c4 c6 3. Nf3 Nf6 4. Nc3 a6 5. Ne5 e6 6. g3 Nbd7 7. Bg2 Nxe5 8. dxe5
Nd7 9. cxd5 cxd5 10. e4 dxe4 11. Qa4 Qc7 12. O-O Be7 13. Bf4 O-O 14. Rac1 Qb6
15. Nxe4 Qxb2 16. Rxc8 Raxc8 17. Qxd7 Ba3 18. Nd6 Rc2 19. Be4 Rxf2 20. Nc4 Rxf1+
21. Kxf1 Qa1+ 22. Ke2 Qxa2+ 23. Nd2 b5 24. Qd3 g6 25. h4 Be7 26. Qd7 Qa3 27. Be3
Rd8 28. Qc7 Qb4 29. Kf3 a5 30. Nb3 Rf8 31. Nc5 Bd8 32. Qc6 Be7 33. Qc7 f5 34.
Qxe7 fxe4+ 35. Kg2 Qe1 36. Nxe4 Qe2+ 37. Kh3 Qf1+ 38. Kh2 Qe2+ 39. Kh3 Qf1+ 40.
Kh2 1/2-1/2

[Event "TCh-NED Meesterklasse 2011-12"]
[Site "Netherlands NED"]
[Date "2012.02.11"]
[Round "6.9"]
[White "Pruijssers,R"]
[Black "Borm,F"]
[Result "1-0"]
[WhiteTitle "IM"]
[BlackTitle "IM"]
[WhiteElo "2475"]
[BlackElo "2369"]
[WhiteTeam "Accres Apeldoorn"]
[BlackTeam "BSG"]
[WhiteFideId "1013068"]
[BlackFideId "1000225"]
[EventDate "2011.09.17"]

1. e4 e5 2. Nf3 Nc6 3. Bc4 d6 4. c3 Be7 5. Qb3 Nh6 6. d4 O-O 7. Bxh6 gxh6 8. Bb5
Bf6 9. Bxc6 bxc6 10. Nbd2 Be6 11. Qa4 exd4 12. cxd4 c5 13. dxc5 Bxb2 14. Rb1 Bg7
15. O-O Qe8 16. Qa5 d5 17. e5 c6 18. Rb7 Qd8 19. Qa4 d4 20. Nxd4 Bd5 21. f4 Qc8
22. Rb2 Kh8 23. Nc4 Rb8 24. Rxb8 Qxb8 25. Ne3 Rc8 26. Nxd5 cxd5 27. Nb3 Qb7 28.
Qd4 Rd8 29. f5 Qa6 30. f6 Bf8 31. Rf2 h5 32. Rc2 Qe6 33. c6 Rc8 34. Qf4 Qg4 35.
Qxg4 hxg4 36. Nd4 h5 37. Nf5 Bb4 38. Kf1 Kh7 39. Nd6 Rc7 40. Nb5 Rc8 41. Nxa7
Rc7 42. Nb5 Rc8 43. Nd6 Rc7 44. Nxf7 1-0

[Event "TCh-NED Meesterklasse 2011-12"]
[Site "Netherlands NED"]
[Date "2012.02.11"]
[Round "6.10"]
[White "Ootes,Le"]
[Black "Zaragatski,I"]
[Result "1/2-1/2"]
[BlackTitle "IM"]
[WhiteElo "2197"]
[BlackElo "2474"]
[WhiteTeam "BSG"]
[BlackTeam "Accres Apeldoorn"]
[WhiteFideId "1020986"]
[BlackFideId "4655192"]
[EventDate "2011.09.17"]

1. e4 e6 2. d4 d5 3. exd5 exd5 4. Bd3 c5 5. c3 Nc6 6. Nf3 c4 7. Bc2 Bd6 8. O-O
Nge7 9. Re1 Qc7 10. Nbd2 O-O 11. b3 b5 12. Nf1 h6 13. Ne3 Be6 14. h3 Qd7 15. Nh4
Rac8 16. Qh5 cxb3 17. axb3 Bf4 18. Nhf5 Nxf5 19. Nxf5 g6 20. Nxh6+ Kg7 21. Nf5+
Kg8 22. Nh6+ Kg7 23. Nf5+ Kg8 1/2-1/2

[Event "TCh-NED Meesterklasse 2011-12"]
[Site "Netherlands NED"]
[Date "2012.02.11"]
[Round "6.1"]
[White "Fridman,D"]
[Black "Klip,H"]
[Result "1-0"]
[WhiteTitle "GM"]
[BlackTitle "IM"]
[WhiteElo "2652"]
[BlackElo "2381"]
[WhiteTeam "HMC Calder"]
[BlackTeam "Utrecht"]
[WhiteFideId "11600454"]
[BlackFideId "1000845"]
[EventDate "2011.09.17"]

1. d4 f5 2. g3 Nf6 3. Bg2 g6 4. Nf3 Bg7 5. b4 O-O 6. Bb2 Nc6 7. a3 d5 8. Nbd2
Ne4 9. e3 Be6 10. O-O a5 11. b5 Na7 12. Qe2 a4 13. c4 Nxd2 14. Ng5 Nxc4 15. Nxe6
Qd7 16. Nc5 Qd6 17. Nxb7 Qe6 18. Rfc1 Nxb2 19. Qxb2 Kh8 20. Rxc7 Bf6 21. b6 Nc8
22. Rb1 Rb8 23. Nc5 Qd6 24. Rb7 Rxb7 25. Nxb7 Qc6 26. Na5 Qd7 27. b7 Nd6 28.
b8=R 1-0

[Event "TCh-NED Meesterklasse 2011-12"]
[Site "Netherlands NED"]
[Date "2012.02.11"]
[Round "6.3"]
[White "Bok,B"]
[Black "Tjiam,D"]
[Result "1/2-1/2"]
[WhiteTitle "IM"]
[BlackTitle "IM"]
[WhiteElo "2488"]
[BlackElo "2382"]
[WhiteTeam "HMC Calder"]
[BlackTeam "Utrecht"]
[WhiteFideId "1017063"]
[BlackFideId "1001493"]
[EventDate "2011.09.17"]

1. e4 c5 2. Nf3 e6 3. d4 cxd4 4. Nxd4 Qb6 5. Nc3 Bc5 6. Na4 Qa5+ 7. c3 Bxd4 8.
Qxd4 Nf6 9. Nc5 Qc7 10. f3 Nc6 11. Qf2 O-O 12. Bg5 Ne8 13. f4 f6 14. Bh4 Nd6 15.
Bd3 b6 16. Nb3 Bb7 17. Qe2 Rae8 18. O-O f5 19. e5 Nf7 20. Rad1 g5 21. Bg3 gxf4
22. Bxf4 Ncxe5 23. Bb5 Re7 24. Bg3 d6 25. Bh4 Kg7 26. Nd4 Be4 27. Ba4 Ree8 28.
Bxe8 Rxe8 29. Bg3 Qc5 30. Kh1 a5 31. Rfe1 Ng6 32. Qb5 Qxb5 33. Nxb5 d5 34. Kg1
Kf6 35. Bf2 Nf4 36. Be3 Nxg2 37. Bd4+ e5 38. Rxe4 dxe4 39. Bxb6 Nf4 40. Kf1 Rg8
41. c4 Rg2 42. c5 Rxb2 43. c6 Rc2 44. c7 Nd3 45. Bxa5 Ke6 46. Rb1 Kd7 47. Na7
Nd6 48. Rb8 Rc1+ 49. Ke2 Rc2+ 50. Kd1 Rc1+ 51. Ke2 Rc2+ 1/2-1/2

[Event "TCh-NED Meesterklasse 2011-12"]
[Site "Netherlands NED"]
[Date "2012.02.11"]
[Round "6.4"]
[White "Van Oosterom,C"]
[Black "Miedema,D"]
[Result "1-0"]
[WhiteTitle "IM"]
[BlackTitle "IM"]
[WhiteElo "2389"]
[BlackElo "2393"]
[WhiteTeam "Utrecht"]
[BlackTeam "HMC Calder"]
[WhiteFideId "1013076"]
[BlackFideId "1018477"]
[EventDate "2011.09.17"]

1. e4 e5 2. Nf3 Nf6 3. Nxe5 d6 4. Nf3 Nxe4 5. d4 d5 6. Bd3 Bd6 7. O-O O-O 8. c4
c6 9. Qc2 Na6 10. a3 Bg4 11. Ne5 Bxe5 12. dxe5 Nac5 13. f3 Nxd3 14. Qxd3 Nc5 15.
Qd4 Nb3 16. Qxg4 Nxa1 17. Bh6 Qb6+ 18. Rf2 g6 19. Nc3 Rae8 20. f4 Nc2 21. cxd5
Qxb2 22. Qf3 Qc1+ 23. Rf1 Qe3+ 24. Kh1 Qxf3 25. Rxf3 cxd5 26. Nxd5 Rd8 27. Rd3
Nxa3 28. g4 Nc4 29. f5 Rxd5 30. Rxd5 Re8 31. Bf4 Nb6 32. Rb5 h5 33. gxh5 gxf5
34. Bg5 Re6 35. Kg2 Kg7 36. Kg3 a6 37. Bf6+ Kh6 38. Rb3 Kxh5 39. Kf4 Nd5+ 40.
Kxf5 1-0